Loading...
| History - Other | 0 | 5 | 0 | 1 | 50 | 72 | 104.00 | 0 | 1 | 8.04 | 26.36 |
| Philosophy | 0 | 4 | 0 | 1 | 40 | 84 | 105.50 | 1 | 1 | 4.13 | 17.73 |
| Social Science | 0 | 4 | 0 | 0 | 40 | 59 | 76.00 | 0 | 2 | 10.74 | 21.14 |
| History - European | 0 | 3 | 0 | 1 | 30 | 80 | 98.00 | 0 | 2 | 5.50 | 15.91 |
| Religion | 0 | 3 | 0 | 0 | 30 | 97 | 111.00 | 1 | 2 | 2.39 | 16.36 |
| Literature - British | 0 | 3 | 0 | 1 | 30 | 93 | 126.33 | 0 | 0 | 2.33 | 5.23 |
| Fine Arts - Painting and Sculpture | 0 | 3 | 0 | 2 | 30 | 41 | 97.67 | 1 | 1 | 6.23 | 13.86 |
| Literature - European | 0 | 2 | 0 | 1 | 20 | 95 | 123.00 | 0 | 0 | 3.01 | 10.23 |
| History - World | 0 | 2 | 0 | 1 | 20 | 69 | 93.50 | 1 | 1 | 5.18 | 10.91 |
| Science - Physics | 0 | 2 | 1 | 0 | 15 | 104 | 107.50 | 0 | 1 | 2.23 | 11.82 |
| Science - Other | 0 | 2 | 1 | 0 | 15 | 36 | 42.00 | 2 | 2 | 11.15 | 18.18 |
| Literature - World | 0 | 2 | 2 | 0 | 10 | 93 | 95.00 | 0 | 1 | 5.85 | 10.00 |
| Mythology | 0 | 1 | 0 | 0 | 10 | 58 | 58.00 | 1 | 1 | 4.02 | 9.09 |
| Other Academic | 0 | 1 | 0 | 1 | 10 | 117 | 117.00 | 0 | 0 | 0.00 | 3.33 |
| History - American | 0 | 1 | 0 | 0 | 10 | 96 | 96.00 | 0 | 1 | 2.27 | 4.55 |
| Geography | 0 | 1 | 0 | 1 | 10 | 124 | 124.00 | 0 | 0 | 0.00 | 4.17 |
| Literature - American | 0 | 1 | 0 | 0 | 10 | 140 | 140.00 | 0 | 0 | 0.00 | 2.73 |
| Current Events | 0 | 1 | 0 | 0 | 10 | 105 | 105.00 | 0 | 0 | 6.25 | 15.00 |
| Science - Biology | 0 | 1 | 1 | 1 | 5 | 106 | 106.00 | 0 | 0 | 0.00 | 0.91 |
| Fine Arts - Other | 0 | 0 | 1 | 0 | -5 | 0.00 | 0 | 0 | 0.00 | 0.00 |